Temple to love : (Record no. 19926)

000 -LEADER
fixed length control field 01680cam a22003494a 4500
001 - CONTROL NUMBER
control field 13654875
005 - DATE AND TIME OF LATEST TRANSACTION
control field 20170118082203.0
008 - FIXED-LENGTH DATA ELEMENTS--GENERAL INFORMATION
fixed length control field 040714s2005 inuab b 001 0 eng
010 ## - LIBRARY OF CONGRESS CONTROL NUMBER
LC control number 2004016533
020 ## - INTERNATIONAL STANDARD BOOK NUMBER
International Standard Book Number 0253344875 (cloth : alk. paper)
042 ## - AUTHENTICATION CODE
Authentication code pcc
043 ## - GEOGRAPHIC AREA CODE
Geographic area code a-ii---
050 00 - LIBRARY OF CONGRESS CALL NUMBER
Classification number NA6007 .B4G55 2005
100 1# - MAIN ENTRY--PERSONAL NAME
Personal name Ghosh, Pika,
Dates associated with a name 1969-
245 10 - TITLE STATEMENT
Title Temple to love :
Remainder of title architecture and devotion in seventeenth-century Bengal /
Statement of responsibility, etc. Pika Ghosh.
260 ## - PUBLICATION, DISTRIBUTION, ETC. (IMPRINT)
Place of publication, distribution, etc. Bloomington :
Name of publisher, distributor, etc. Indiana University Press,
Date of publication, distribution, etc. c2005.
300 ## - PHYSICAL DESCRIPTION
Extent xv, 255 p. :
Other physical details ill., maps ;
Dimensions 26 cm.
440 #0 - SERIES STATEMENT/ADDED ENTRY--TITLE
Title Contemporary Indian studies
504 ## - BIBLIOGRAPHY, ETC. NOTE
Bibliography, etc Includes bibliographical references (p. 229-246) and index.
505 0# - FORMATTED CONTENTS NOTE
Formatted contents note Desire, devotion, and the double-storied temple -- A paradigm shift -- Acts of accommodation -- Axes and the mediation of worship -- Epilogue: A new sacred center.
650 #0 - SUBJECT ADDED ENTRY--TOPICAL TERM
Topical term or geographic name as entry element Temples
Geographic subdivision India
-- Bengal.
650 #0 - SUBJECT ADDED ENTRY--TOPICAL TERM
Topical term or geographic name as entry element Architectural terra-cotta
Geographic subdivision India
-- Bengal.
650 #0 - SUBJECT ADDED ENTRY--TOPICAL TERM
Topical term or geographic name as entry element Terra-cotta sculpture, Indic
Geographic subdivision India
-- Bengal.
650 #0 - SUBJECT ADDED ENTRY--TOPICAL TERM
Topical term or geographic name as entry element Architecture
Geographic subdivision India
-- Bengal
General subdivision History
Chronological subdivision 17th century.
650 #0 - SUBJECT ADDED ENTRY--TOPICAL TERM
Topical term or geographic name as entry element Architecture and religion.
856 41 - ELECTRONIC LOCATION AND ACCESS
Materials specified Table of contents
Uniform Resource Identifier <a href="http://www.loc.gov/catdir/toc/ecip0420/2004016533.html">http://www.loc.gov/catdir/toc/ecip0420/2004016533.html</a>
942 ## - ADDED ENTRY ELEMENTS (KOHA)
Source of classification or shelving scheme
Koha item type Hard Covered Materials
Classification part NA6007 .B4G55 2005
Holdings
Withdrawn status Lost status Source of classification or shelving scheme Damaged status Not for loan Home library Current library Shelving location Date acquired Source of acquisition Total Checkouts Full call number Barcode Date last seen Price effective from Koha item type
          MACHAKOS UNIVERSITY LIBRARY MACHAKOS UNIVERSITY LIBRARY Technical section 18/01/2017 Donation(BFA)   NA6007 .B4G55 2005 29776 13/07/2018 18/01/2017 Hard Covered Materials
© Machakos University Library, Along The Highway, Machakos Wote Rd, Machakos, Kenya P.O. Box 136 - 90100 Machakos - Kenya

Tel: ( +254 ) 723 805829 OR Fax : 044-20353 OR Email: library@mksu.ac.ke